000 00502nam a2200181Ia 4500
999 _c27656
_d27656
003 OSt
005 20201202112110.0
008 190216s9999||||xx |||||||||||||| ||und||
020 _a8171307698
040 _coclc
082 _a894.8123
_bKAK/P
100 _aKakkanadan, G V
_96639
245 0 _aPralayathinu Sesham /
_cG V Kakkanadan
260 _bCurrent Books,
_aKottayam:
_c1997.
300 _a136p
650 _aNovel
942 _cBK
_2ddc
_h894.8123
_iKAK/P
_k894.8123
_mKAK/P